The essence of solid-state electronics (Record no. 333)

MARC details
000 -LEADER
Fixed length control field 00507nam a22001817a 4500
003 - CONTROL NUMBER IDENTIFIER
Control field SEACOMMC
005 - DATE AND TIME OF LATEST TRANSACTION
Control field 20231109092114.0
008 - FIXED-LENGTH DATA ELEMENTS--GENERAL INFORMATION
Fixed length control field 231109b |||||||| |||| 00| 0 eng d
020 ## - INTERNATIONAL STANDARD BOOK NUMBER / ISBN
Price Rs. 75.00
040 ## - CATALOGING SOURCE
Original cataloging agency SEACOMMC
082 ## - DEWEY DECIMAL CLASSIFICATION NUMBER
Classification number 621.38152
Book Number EDW
100 1# - MAIN ENTRY--PERSONAL NAME
Personal name Edwards-Shea, Linda
245 14 - TITLE STATEMENT
Title The essence of solid-state electronics
Statement of responsibility Linda Edwards-Shea
250 ## - EDITION STATEMENT
Edition statement 3rd ed
260 ## - IMPRINT
Place of publication New Delhi
Name of publisher Prentice-Hall
Date of publication 1997
650 ## - SUBJECT ADDED ENTRY--TOPICAL TERM
Topical term Engineering
Form subdivision Electronics, communications engineering
942 ## - ADDED ENTRY ELEMENTS (KOHA)
Koha item type Books
Holdings
Withdrawn status Lost status Source of classification Damaged status Not for loan Home library Current library Date acquired Total Checkouts Call number Accession number Date last seen Price effective from Koha item type
    Dewey Decimal Classification     SEACOM MANAGEMENT COLLEGE SEACOM MANAGEMENT COLLEGE 19/09/2006   621.38152 EDW 05526 09/11/2023 09/11/2023 Books
© Seacom Engineering College, All rights reserved.    Powered by Koha